000 00583nam a2200181 i 4500
001 61131
003 ES-MaACL
005 20230906164357.0
007 t|
008 031110s1917 fr ||||1| fre d
100 1 _aEteve, Marcel.
_948282
245 1 0 _aLettres d'un combattant (août 1914-juillet 1916) /
_cLieutenant Marcel Etévé ; préface de Paul Dupuy.
260 _aParisHachette,
_c1917 (
_eCorbeil :
_fCrété)
300 _aX, 250 p. ;
_c19 cm.
650 0 4 _aGuerra mundial, 1914-1918.
_913212
700 1 _aDupuy, Paul (
_d1856-1948)
_9164371
852 _aES-MaACL
_jF-5093
999 _c61131
_d61131